01368nam a22002417a 4500999001700000020001800017041000900035082001700044245011600061260006500177300001400242504003600256520020600292546001300498650007500511650008400586650007300670650008400743650006600827700005700893942001200950952016400962 c39352d39352 a9789383079254 aeng- a307.72bTRA- aTraditional systems of the Bodo community : bChange and continuity /cVivekananda Kendra Institute of Culture aAssam:bVivekananda Kendra Institute of Culture 2018,c2018. ax, 138p.  aincludes bibliography and index aThis bok includes the papers presented in the seminar titled ''Traditional systems of the Bodo community : Change and continuity" held at Kajalgaon, BTAD, Assam on 31st October and 1st November, 2015. aEnglish. aBodo (Indic people)vSocial customsxCultural practiceszAssam (India) aIndigenous peoplesvSocial life and customsxTraditional systemszAssam (India) aCultural changevStudiesxSocial and cultural aspectszAssam (India) aFolk traditionsvContinuity and changexBodo community practiceszAssam (India) aEthnologyvComparative studiesxBodo communityzAssam (India) aVivekananda Kendra Institute of CultureeContributor 2ddccBK 00104070aNASSDOCbNASSDOCd2024-03-21eOverseas Press India Pvt. Ltdg216.60i2024-03-20l0o307.72 TRA-p54443r2024-05-24 00:00:00v300.00w2024-03-20yBK